00546nam a22001817a 4500003000900000008004100009020001800050040007100068082001800139100003200157245003600189260003700225300003300262650002300295650001900318650001400337650001300351AR-CdUCM190313b ||||| |||| 00| 0 spa d a9786123155902 aMUNICIPALIDAD PROVINCIAL DEL CUSCOcBIBLIOTECA MUNICIPAL DEL CUSCO a869.56/A6669S aAráoz de Jahnsen, Arelí aSentimientos /cArelí Aráoz aLima :bEdit. San Marcos,c2019. a192, [6] páginas ;c21 cm. aPoesías peruanas aPoemas de amor aPoesías aSiglo XX